00289nam a2200109Ia 4500008004100000082001800041100001600059245002800075260005100103300000800154700001700162140316s9999 xx 000 0 und d a639.3bMAT/SU aMathew ,V.M aSudhajala Matsyakkrishi aThrissurbKerala Agricultural Universityc1998 a144 aMohanan ,M.V